Základy biologie
Saved in:
| Main Authors | , , |
|---|---|
| Corporate Author | |
| Format | Book |
| Language | Czech |
| Published |
Praha :
Vydavatelství VŠCHT,
2005
|
| Edition | Vyd. 1. |
| Subjects | |
| Online Access | Digitalizovaný dokument |
| ISBN | 80-7080-587-0 978-80-7080-587-9 |
| Physical Description | 167 s. : il. ; 30 cm |
| LEADER | 00000aam a2200000 a 4500 | ||
|---|---|---|---|
| 001 | 115707 | ||
| 003 | CZ-ZlUTB | ||
| 005 | 20260529085401.0 | ||
| 007 | ta | ||
| 008 | 060314s2005 xr a e p 000 0 cze d | ||
| 015 | |a cnb001652038 | ||
| 020 | |a 80-7080-587-0 |q (brož.) | ||
| 020 | |a 978-80-7080-587-9 |q (dotisk ; |q brož.) | ||
| 035 | |a (OCoLC)85547554 | ||
| 040 | |a KLG001 |b cze |d OLA001 |d ABA001 |d ZLD002 | ||
| 072 | 7 | |a 57 |x Obecná biologie |2 Konspekt |9 2 | |
| 072 | 7 | |a 37.016 |x Učební osnovy. Vyučovací předměty. Učebnice |2 Konspekt |9 22 | |
| 080 | |a 57 |2 MRF | ||
| 080 | |a (075.8) |2 MRF | ||
| 100 | 1 | |a Benda, Vladimír, |d 1944- |7 jx20040915002 |4 aut | |
| 245 | 1 | 0 | |a Základy biologie / |c Vladimír Benda, Ivan Babůrek, Pavel Kotrba |
| 250 | |a Vyd. 1. | ||
| 260 | |a Praha : |b Vydavatelství VŠCHT, |c 2005 | ||
| 300 | |a 167 s. : |b il. ; |c 30 cm | ||
| 500 | |a 1500 výt., dotisk 2021 | ||
| 500 | |a Terminologický slovník | ||
| 504 | |a Obsahuje bibliografii | ||
| 521 | 8 | |a Určeno pro studenty 1. semestru bakalářských studijních programů FPBT | |
| 550 | |a Vydavatel: Vysoká škola chemicko-technologická v Praze | ||
| 650 | 0 | 7 | |a obecná biologie |7 ph115520 |2 czenas |
| 650 | 0 | 9 | |a general biology |2 eczenas |
| 655 | 7 | |a učebnice vysokých škol |7 fd133772 |2 czenas | |
| 655 | 9 | |a textbooks (higher) |2 eczenas | |
| 700 | 1 | |a Babůrek, Ivan, |d 1950- |7 jo2002103485 |4 aut | |
| 700 | 1 | |a Kotrba, Pavel, |d 1971- |7 xx0042971 |4 aut | |
| 710 | 2 | |a Vysoká škola chemicko-technologická v Praze |7 kn20010710384 | |
| 856 | 4 | 1 | |u https://ndk.cz/uuid/uuid:e23d6250-4757-11e7-aac4-005056827e51 |y Digitalizovaný dokument |
| 901 | |f 1. vyd. |o 20060911 | ||
| 910 | |a ZLD002 | ||
| 942 | |2 udc | ||
| 952 | |0 0 |1 0 |4 0 |5 0 |6 S57BENDAV |7 -1 |8 BOOK |9 191288 |a UTBZL |b UTBZL |c 037 |d 2026-05-25 |l 0 |o S57/BENDA,V. |p 420010201893 |r 2026-05-25 15:01:30 |v 207.00 |w 2026-05-25 |x N:nákup |y 01 | ||
| 992 | |b SK | ||
| 999 | |c 115707 |d 115707 | ||